American States Quiz - Statistics

General Stats
  • This quiz has been taken 1,313 times
  • The average score is 29 of 50
Answer Stats
Hint Answer % Correct
Sacramento California
89%
Albany New York
89%
Honolulu Hawaii
83%
Tallahassee Florida
82%
Austin Texas
82%
Phoenix Arizona
81%
Montgomery Alabama
79%
Juneau Alaska
77%
Denver Colorado
72%
Olympia Washington
72%
Columbus Ohio
69%
Atlanta Georgia
68%
Little Rock Arkansas
67%
Bismarck North Dakota
66%
Raleigh North Carolina
65%
Trenton New Jersey
63%
Santa Fe New Mexico
63%
Jackson Mississippi
62%
Oklahoma City Oklahoma
62%
Boise Idaho
61%
Indianapolis Indiana
61%
Pierre South Dakota
61%
Columbia South Carolina
60%
Springfield Illinois
59%
Augusta Maine
59%
Topeka Kansas
57%
Carson City Nevada
57%
Nashville Tennessee
55%
Hartford Connecticut
53%
Boston Massachusetts
53%
Baton Rouge Louisiana
52%
Lansing Michigan
52%
Salt Lake City Utah
52%
Frankfort Kentucky
51%
Richmond Virginia
50%
Des Moines Iowa
49%
Dover Delaware
48%
Salem Oregon
48%
Annapolis Maryland
47%
Helena Montana
47%
Providence Rhode Island
46%
Saint Paul Minnesota
45%
Concord New Hampshire
45%
Charleston West Virginia
44%
Cheyenne Wyoming
43%
Lincoln City Nebraska
42%
Jefferson City Missouri
41%
Montpelier Vermont
36%
Madison Wisconsin
36%
Harrisburg Pennysylvania
4%
No matching quizzes found
Score Distribution
Percent of People with Each Score
Percentile by Number Answered
Your Score History
You have not taken this quiz